Principes généraux de droit, de politique et de législation
Gorde:
| Egile nagusia: | |
|---|---|
| Formatua: | Liburua |
| Hizkuntza: | frantsesa |
| Argitaratua: |
París
Guillaumin
1869
|
| Gaiak: | |
| Etiketak: |
Etiketa erantsi
Etiketarik gabe, Izan zaitez lehena erregistro honi etiketa jartzen!
|
MARC
| LEADER | 00000nam a2200000 a 4500 | ||
|---|---|---|---|
| 001 | UCR4442 | ||
| 003 | CL-VaPUC | ||
| 008 | 980307e18690000FR |||||||||||||||||fre|d | ||
| 082 | 0 | 4 | |a 340.1 |b PRA |2 21 |
| 100 | 0 | |a Pradier-Fodéré, M. P |e author |9 404550 | |
| 245 | 1 | 0 | |a Principes généraux de droit, de politique et de législation |
| 300 | |a 608 p | ||
| 942 | |c BK | ||
| 945 | |d 19980307 00:00:00 |a aolguin | ||
| 260 | |a París |b Guillaumin |c 1869 | ||
| 650 | 0 | |a Teoría del derecho |9 255982 | |
| 650 | 0 | |a Derecho natural |9 255041 | |
| 650 | 0 | |a Derecho positivo |9 255911 | |
| 650 | 0 | |a Derecho civil |9 255013 | |
| 650 | 0 | |a Derecho comercial |9 256340 | |
| 650 | 0 | |a Derecho procesal penal |9 255496 | |
| 650 | 0 | |a Derecho público |9 255910 | |
| 650 | 0 | |a Derecho político |9 257756 | |
| 650 | 0 | |a Derecho constitucional |9 222588 | |
| 650 | 0 | |a Derecho comparado |9 255664 | |
| 650 | 0 | |a Derecho administrativo |9 254851 | |
| 650 | 7 | |a DERECHO PENAL |2 CL-VaPUC |9 11 | |
| 650 | 0 | |a Derecho de gentes |9 391410 | |
| 583 | |a last modification |c 19980307 00:00:00 |k Rodrigo Vera | ||
| 999 | |c 267384 |d 267382 | ||
| 952 | |0 0 |1 0 |4 0 |6 340_100000000000000_PRA_1869 |7 0 |8 X |9 299676 |a BIBDER |b BIBDER |d 2019-11-20 |i 1956922 |o 340.1 PRA 1869 |p 1956922 |r 2023-01-25 |w 2019-11-20 |y BK_X |k DER | ||